Nové Zámky Dom odborov : nákupné stredisko a reštaurácia : socha Víťazstva : nová výstaba

Zobrazenie: Štyri čiastkové pohľady, každý v tenkom bielom orámovaní, dva pohľady vľavo na zelenom podklade. Pohľad na Dom odborov. Pohľad na obchodný dom na sídlsku. Pohľad na sochu Víťazstva. Pohľad na nové sídlisko

Bibliographic Details
Other Authors: Šmátrala, Milan (fotograf) (Photographer)
Format: Photo
Language:Slovak
PhysicalDescription:1 pohľadnica (4 čiastkové pohľady) farebná 11 x 15 cm
Published: Praha Orbis [nie pred 1973?]
Subjects:

MARC

LEADER 00000nkm a2200000 a 4500
001 vtls011904279
003 SK-MaSNL
005 20260331211609.0
007 kf co
008 231120q1973 xr g kuslo
015 |a SNBG 
035 |a urn:nbn:sk:snk-km00ec30 
035 |a urn:nbn:sk:snk-km43f37 
035 |a FD49BCD8-51E5-47E4-96B5-22388165A183 
040 |a SNK  |b slo  |c SNK  |e AACR2 
041 0 |a slo 
043 |a e-xo--- 
044 |a xr  |c CZ 
072 7 |a 913  |x Regionálna geografia  |2 konspekt 
080 |a 913(437.6)  |2 2011 
080 |a 725.1  |2 2011 
080 |a (084.121)  |2 2011 
080 |a 730  |2 2011 
080 |a 725.1:339.372.2  |2 2011 
080 |a 711.582  |2 2011 
100 1 |a Šmátrala, Milan  |c (fotograf)  |4 pht  |9 164919 
245 1 0 |a Nové Zámky  |h grafika  |b Dom odborov : nákupné stredisko a reštaurácia : socha Víťazstva : nová výstaba  |c toto M. Šmátrala 
246 1 |i Názov na obrazovej časti:  |a Nové Zámky 
260 |a Praha  |b Orbis  |c [nie pred 1973?]  |e Velký Šenov  |f Severografia 
300 |a 1 pohľadnica (4 čiastkové pohľady)  |b farebná  |c 11 x 15 cm 
520 8 |a Zobrazenie: Štyri čiastkové pohľady, každý v tenkom bielom orámovaní, dva pohľady vľavo na zelenom podklade. Pohľad na Dom odborov. Pohľad na obchodný dom na sídlsku. Pohľad na sochu Víťazstva. Pohľad na nové sídlisko 
650 0 7 |a verejné budovy  |2 SNKPH  |9 2985 
650 0 7 |a sochy  |2 SNKPH  |9 29846 
650 0 7 |a obchodné domy  |2 SNKPH  |9 3005 
650 0 7 |a sídliská  |2 SNKPH  |9 26585 
651 7 |a Nové Zámky (Slovensko)  |2 SNKPHgeo  |9 15884 
655 7 |a miestne pohľadnice  |2 SNKPH  |9 70510 
852 |a Slovenská národná knižnica 
954 |a pohľadnice pôvodné (slovenské)  |2 lita 
954 |a pohľadnice cudzojazyčné (svetové)  |2 lita 
958 |a GBN 
958 |a GC 
958 |a OND 
958 |a EUIPO 
999 |c 691639  |d 693569 
952 |a SNK  |b SNK  |y PREZ  |7 0  |p 17A1382248  |o snkSP 82004  |0 0  |1 0  |4 0  |d 2019-11-29  |f 1  |l 0  |r 2026-02-23 20:29:42  |w 2026-02-23